|
|
|
|
| LEADER |
00000nam a2200000 a 4500 |
| 001 |
vtls008957681 |
| 003 |
SK-MaSNL |
| 005 |
20260426005047.0 |
| 008 |
240313s2005 fr ab 001 0 fre |
| 015 |
|
|
|a SNBZSA2007-00557
|
| 020 |
|
|
|a 2746912864
|q (brož.)
|
| 035 |
|
|
|a 21642048-C535-4D72-8CB9-CEFF3D7B52B8
|
| 035 |
|
|
|a urn:nbn:sk:snk-amle1s
|
| 035 |
|
|
|a urn:nbn:sk:snk-am008zhf
|
| 040 |
|
|
|a SNK
|b slo
|c SNK
|e AACR2
|
| 041 |
0 |
|
|a fre
|
| 043 |
|
|
|a e-xo---
|
| 044 |
|
|
|a fr
|c FR
|
| 072 |
|
7 |
|a 913(4)
|x Geografia Európy, reálie, cestovanie
|2 snkph
|
| 080 |
|
|
|a 913(437.6)
|x (036)
|2 2001
|
| 100 |
1 |
|
|a Auzias, Dominique,
|d 1954-
|4 aut
|9 479943
|
| 245 |
1 |
0 |
|a Slovaquie 2005-2006
|c [auteurs et directeurs des collections Dominique Auzias, Jean-Paul Labourdette]
|
| 260 |
|
|
|a Paris
|b Nouvelles éditions de l'Université
|c [2005]
|
| 300 |
|
|
|a 250 s.
|b fareb. ilustr., mp.
|c 21 cm
|
| 490 |
1 |
|
|a Le petit futé. Country guide
|
| 504 |
|
|
|a Reg.
|
| 651 |
|
7 |
|a Slovensko
|2 snkph
|9 14231
|
| 655 |
|
7 |
|a turistickí sprievodcovia (publikácie)
|2 snkph
|9 191298
|
| 700 |
1 |
|
|a Labourdette, Jean-Paul
|4 aut
|9 424089
|
| 830 |
|
0 |
|a Le petit futé
|p Country guide
|9 479944
|
| 919 |
|
|
|a 2746912864
|
| 958 |
|
|
|a ZS
|
| 958 |
|
|
|a FR
|
| 999 |
|
|
|c 998549
|d 1000479
|
| 952 |
|
|
|a SNK
|b SNK
|y PREZ
|7 0
|p 17A0544647
|o snkSC 127470/2005-2006
|i snk2007/8248
|8 4
|g 20.55
|0 0
|1 0
|4 0
|d 2007-03-21
|f 1
|l 0
|r 2025-06-16 00:00:00
|w 2026-02-24
|